000 01595nab a2200241 i 4500
003 BR-BrBNA
005 20250610105751.0
008 250610b2018 bl.qr|pooa||| 00| 0 por |
040 _aBR-BrBNA
_bpor
072 _aF70
100 _aOliveira-da-Silva, Fúvio Rubens
100 _aIlkiu-Borges, Anna Luiza
245 _aFlora das cangas da Serra dos Carajás, Pará, Brasil: Hypnaceae
500 _aPublicação on-line; 5 ref.; 2 illus.; Summaries (En, Pt)
520 _a Resumo Foram registradas três espécies de Hypnaceae (Chryso-hypnum diminutivum, Ectropothecium leptochaeton e Rhacopilopsis trinitensis) nas áreas de canga na Serra dos Carajás, no estado do Pará, para as quais se apresenta descrição, ilustração e comentários morfológicos. Palavras-chave: Brioflora, FLONA Carajás, musgos, taxonomia. Abstract Three species of Hypnaceae (Chryso-hypnum diminutivum, Ectropothecium leptochaeton and Rhacopilopsis trinitensis) were recorded in the areas of canga in the Serra dos Carajás, Pará state, for which presented descriptions, illustrations, and morphological comments. Key words: Bryoflora, FLONA Carajás, mosses, taxonomy.
650 _aCARAJÁS
650 _aMUSGO
650 _aTAXONOMIA
773 0 _0709
_9350966
_dRio de Janeiro-RJ Jardim Botanico do Rio de Janeiro 1935
_o2025-3590
_tRodriguésia (Brazil)
_x0370-6583; 2175-7860 on-line
_gv. 69(3) p. 983-987; (2018)
_wBR2025003098
856 _uhttps://www.scielo.br/j/rod/a/ctSG5y7g7FFwN3hhgKYbNjd/?format=pdf&lang=pt
942 _cANA
999 _c331989
_d331989